000 00450nam a22001817a 4500
003 MPLRDC
005 20220104143647.0
008 210129b ||||| |||| 00| 0 eng d
020 _a7-80592-443-0
082 _a494.07 TQT
100 _a谭启泰
245 _a谋事在人: 王志纲策划实录
_c
250 _a一版二刷
260 _a
_b广州人民出版社
_c1996
300 _b
650 _a企业管理
942 _cBK
_o494.07 TQT
999 _c42081
_d42071